Normal view
MARC view
Entry Personal Name
001 - CONTROL NUMBER
- control field: 50654
003 - CONTROL NUMBER IDENTIFIER
- control field: dpl
005 - DATE AND TIME OF LATEST TRANSACTION
- control field: 20120801111335.0
008 - FIXED-LENGTH DATA ELEMENTS
- fixed length control field: 120801|||a|||||| | ||| d
040 ## - CATALOGING SOURCE
- Original cataloging agency: dpl
- Transcribing agency: dpl
100 ## - HEADING--PERSONAL NAME
- Personal name: Sindhia dynasty
- Dates associated with a name: 1726-1947
670 ## - SOURCE DATA FOUND
- Source citation: Work cat.: (dpl)52467: Farooqui, Amar 50653, Sindias and the Raj :, 2011
670 ## - SOURCE DATA FOUND
- Source citation: Work cat.: (dpl)52467: Farooqui, Amar 50653, Sindias and the Raj :, 2011
